Encuesta de caracterización socioeconómica nacional: serie CASEN 1987 a 1996
Saved in:
| Institution som forfatter: | |
|---|---|
| Format: | Bog |
| Sprog: | spansk |
| Udgivet: |
Santiago
Mideplan
1998
|
| Fag: | |
| Tags: |
Tilføj Tag
Ingen Tags, Vær først til at tagge denne postø!
|
MARC
| LEADER | 00000nam a2200000 a 4500 | ||
|---|---|---|---|
| 001 | UCP3098 | ||
| 003 | CL-VaPUC | ||
| 008 | 990611e19980000CL |||||||||||||||||spa|d | ||
| 082 | 0 | 4 | |a 361.1 |b MID |2 21 |
| 110 | 2 | |a MIDEPLAN |e author |9 430209 | |
| 245 | 1 | 0 | |a Encuesta de caracterización socioeconómica nacional: serie CASEN 1987 a 1996 |
| 300 | |a 98 p | ||
| 942 | |c BK | ||
| 945 | |d 19990611 00:00:00 |a rbrito | ||
| 260 | |a Santiago |b Mideplan |c 1998 | ||
| 650 | 0 | |a Trabajo social |9 307856 | |
| 650 | 7 | |a ENCUESTAS SOCIOECONOMICAS |2 CL-VaPUC |9 430205 | |
| 650 | 0 | |a Vivienda |9 258662 | |
| 650 | 0 | |a Salud |9 258663 | |
| 650 | 7 | |a INGRESO |2 CL-VaPUC |9 334287 | |
| 650 | 0 | |a Pobreza |9 258652 | |
| 583 | |a last modification |c 19990611 00:00:00 |k Rodrigo Vera | ||
| 999 | |c 281528 |d 281526 | ||
| 952 | |0 0 |1 0 |4 0 |6 361_100000000000000_MID_1998 |7 0 |8 A |9 322296 |a BIBGIM |b BIBGIM |d 2019-11-20 |i 3500292 |o 361.1 MID 1998 |p 3500292 |r 2025-01-15 |w 2019-11-20 |y BK |k SSL | ||
| 952 | |0 0 |1 0 |4 0 |6 361_100000000000000_MID_1998 |7 0 |8 A |9 322297 |a BIBGIM |b BIBGIM |d 2019-11-20 |i 3533743 |o 361.1 MID 1998 |p 3533743 |r 2025-01-15 |w 2019-11-20 |y BK |k GIM | ||
| 952 | |0 0 |1 0 |4 0 |6 361_100000000000000_MID_1998 |7 0 |8 A |9 322298 |a BIBGIM |b BIBGIM |d 2019-11-20 |i 3696200 |o 361.1 MID 1998 |p 3696200 |r 2025-01-15 |w 2019-11-20 |y BK |k GIM | ||